Bramkarze OGC Nice w XXI wieku - Statystyki

Ogólne statystyki
  • Ten quiz został rozwiązany 10 razy
  • Średni wynik to 5 z 16
Statystyki odpowiedzi
Lata gry Narodowość Nazwisko % Poprawnych
2022-2023 Dania Kasper Schmeichel
100%
2021- Polska Marcin Bułka
100%
2016-2022 Argentyna Walter Benítez
80%
2005-2008 Francja Hugo Lloris
50%
2008-2014 Kolumbia David Ospina
30%
2011-2012 Peru Raúl Fernández
20%
2013 Algieria Anthony Mandréa
10%
1996-2005 Francja Bruno Valencony
10%
2002-2007 Francja Damien Grégorini
10%
2012-2015 Francja Joris Delle
10%
2007-2011 Francja Lionel Létizi
10%
2010-2014 Francja Lucas Veronese
10%
2013-2016 Tunezja Mouez Hassen
10%
2014-2017 Francja Simon Pouplin
10%
2017-2020 Martynika Yannis Clementia
10%
2013-2021 Francja Yoan Cardinale
10%
Nie znaleziono quizów pasujących do podanych kryteriów
Rozkład punktacji
Procent ludzi z każdym wynikiem
Percentyl według liczby udzielonych odpowiedzi
Twoja historia wyników
Nie rozwiązałeś tego quizu